000 00508nam a2200181Ia 4500
008 240925s9999 xx 000 0 und d
020 _a1555192353
082 _a004.165 INT
100 _aIntel Corporation
245 0 _aIntel 486 Microprocessors and Related Products
250 _aNA
260 _aIllinois:
_bIntel Corporation
_c,1995.
300 _aVarious pages
_bNA
_fOriginal
500 _aNA
600 _aComputer Science
650 _aComputer science, information & general works
942 _cBK
999 _c5799
_d5799